000 00329nam a22001337a 4500
008 170929b xxu||||| |||| 00| 0 eng d
020 _a9780791520093
041 _aeng
080 _22ND
_a37
100 _a47
101 _aEDU
245 _aTAKING THE HIGH ROAD TO READING, WRITING, AND LISTENING
_cCAPRIOLA.A
942 _2udc
_cBK
999 _c30707
_d30707